Pandectes de Justinien (Record no. 162484)

MARC details
000 -LEADER
campo de control de longitud fija 01022nam a2200241 4500
001 - NÚMERO DE CONTROL
campo de control 162484
003 - IDENTIFICADOR DE NÚMERO DE CONTROL
campo de control ES-MaACL
005 - FECHA Y HORA DE LA ÚLTIMA TRANSACCIÓN
campo de control 20230906212534.0
008 - DATOS DE LONGITUD FIJA--INFORMACIÓN GENERAL
campo de control de longitud fija 950322m18181823fr |||| | lat d
040 ## - FUENTE DE CATALOGACIÓN
Centro catalogador/agencia de origen EUS
Lengua de catalogación spa
Centro/agencia transcriptor EUS
100 0# - ENTRADA PRINCIPAL--NOMBRE DE PERSONA
Nombre de persona Justiniano
Numeración I
Títulos y otros términos asociados al nombre Emperador de Oriente.
9 (RLIN) 67359
245 10 - MENCIÓN DEL TÍTULO
Título Pandectes de Justinien
Resto del título : mises dans un nouvel ordre, avec les lois du code et les nouvelles qui confirment, expliquent ou abrogent le droit des Pandectes /
Mención de responsabilidad, etc. par J.R. Pothier ; traduites par Bréard-Neuville.
260 ## - PUBLICACIÓN, DISTRIBUCIÓN, ETC.
Lugar de publicación, distribución, etc. Paris :
Nombre del editor, distribuidor, etc. [s.n.],
Fecha de publicación, distribución, etc. 1818-1823 (
Fabricante De l'Imprimerie de Dondey-Dupré)
300 ## - DESCRIPCIÓN FÍSICA
Extensión 24 v. ;
Dimensiones 20 cm.
500 ## - NOTA GENERAL
Nota general Texto en francés y latín.
597 ## - NOTA DE DESCRIPCIÓN FÍSICA
NOTA DE DESCRIPCIÓN FÍSICA Port. encarada en latín.
630 04 - PUNTO DE ACCESO ADICIONAL DE MATERIA--TÍTULO UNIFORME
Título uniforme Digesta.
9 (RLIN) 149974
650 #4 - PUNTO DE ACCESO ADICIONAL DE MATERIA--TÉRMINO DE MATERIA
Término de materia o nombre geográfico como elemento de entrada Derecho romano-
Subdivisión de forma Fuentes.
9 (RLIN) 139068
700 1# - ENTRADA AGREGADA--NOMBRE PERSONAL
Nombre de persona Bréard-Neuville, Pierre-Antoine-Sulpice de (Abbé)
9 (RLIN) 149973
700 1# - ENTRADA AGREGADA--NOMBRE PERSONAL
Nombre de persona Pothier, Robert Joseph.
9 (RLIN) 131306
852 ## - LOCALIZACIÓN
Ubicación ES-MaACL
Número de control de estantería Z-267-90
Nota libre -- Enc. hol., deteriorada
Encuadernación Olim: C-19384-407
Holdings
Estatus retirado Estado de pérdida Estado de daño No para préstamo Colección Biblioteca de origen Biblioteca actual Ubicación en estantería Fecha de adquisición Total de préstamos Signatura topográfica completa Código de barras Visto por última vez Precio de reemplazo Tipo de ítem Koha
        Libros del s. XIX Biblioteca del Ateneo de Madrid Biblioteca del Ateneo de Madrid Depósito Z 17/01/2008   Z-267-90 1170222 23/02/2023 23/02/2023 Libro impreso antiguo